Songs About Cars and Driving 🚘 - Statistics

General Stats
  • This quiz has been taken 30 times
  • The average score is 9 of 20
Answer Stats
Year Artist Hint Song % Correct
1988 Tracy Chapman "I had a feeling I could be someone" Fast Car
83%
1982 Prince The second single from 1999 Little Red Corvette
72%
1979 Gary Numan "I can lock all my doors; it's the only way to live in..." Cars
66%
1965 The Beatles Opening track of Rubber Soul Drive My Car
62%
2006 Snow Patrol Their biggest-selling single Chasing Cars
55%
1964 The Beach Boys "'Til her daddy takes the T-bird away" Fun, Fun. Fun
55%
1978 John Travolta Performed as the character Danny Greased Lightnin'
52%
1974 Kraftwerk Designed to feel like driving on a motorway Autobahn
48%
1984 Sammy Hagar About speed limits I Can't Drive 55
48%
1984 Van Halen Inspired by a car at a race, not the country Panama
48%
1991 Tom Cochrane "I wanna ride it all night long" Life is a Highway
45%
1975 War "All my friends know the..." Low Rider
38%
1966 Wilson Pickett Song about a woman and her Ford Mustang Sally
34%
1984 Bruce Springsteen Covered by Natalie Cole in 1988 Pink Cadillac
34%
2005 Chamillionaire Featuring Krayzie Bone Ridin'
34%
1970 The Grateful Dead "What a long, strange trip it's been" Truckin'
34%
1975 Queen Written and sung by drummer Roger Taylor I'm in Love with My Car
31%
1988 Billy Ocean Inspired by the Sherman Brothers' "You're Sixteen" Get Outta My Dreams, Get Into My Car
28%
1991 Primus About a man who hits a telephone pole while drunk Jerry Was a Race Car Driver
17%
1973 Tom Waits Song more famously covered by the Eagles Ol' 55
14%
No matching quizzes found
Score Distribution
Percent of People with Each Score
Percentile by Number Answered
Your Score History
You have not taken this quiz